000
00310 a2200157 4500
001
176265
020
_a
040
_c
Magnum
100
_a
Rey, Marcos
240
1
0
_a
Dinheiro do ceu
_l
por
245
1
0
_a
Dinheiro do ceu
362
0
_a
1899
440
1
_a
Ática
697
_a
MAGNITO: J/GERAL
942
_c
BK
999
_c
176265
_d
176265